000 01520nam a2200373 a 4500
001 000112449
003 CHAP
005 20220329144306.0
008 160328s2015 mx |r| |1|||||spa d
010 _a108910
011 _a109882
040 _cCHAP
082 0 4 _a323.445
_bS47 2014
111 1 0 _aSeminario Internacional de Transparencia Judicial
_n(5:
_d2014:
_cMéxico, D.F.)
_9130727
245 1 0 _aMemorias del seminario judicial 2014. Perspectiva y desafíos de la reforma constitucional /
_cpor El Poder Judicial de la Federación.
260 _aMéxico :
_bSuprema Corte de Justicia de la Nación
_bConsejo de la Judicatura federal
_bTribunal Electoral del Poder Judicial de la Federación,
_c2015.
300 _a348 p.
590 _aBATCH-UPD
_b05
_c20160329
_lUCH01
_h1018
590 _aE11695DGD
_b10
_c20160408
_lUCH01
_h1318
590 _aE6096MTM
_b05
_c20160328
_lUCH01
_h1507
590 _aE6096MTM
_b05
_c20160329
_lUCH01
_h1017
590 _aE6096MTM
_b05
_c20160329
_lUCH01
_h1036
590 _aE6096MTM
_b05
_c20160329
_lUCH01
_h1036
590 _aE6096MTM
_b05
_c20160329
_lUCH01
_h1038
590 _aE6096MTM
_b05
_c20160329
_lUCH01
_h1039
590 _aE6096MTM
_b05
_c20160329
_lUCH01
_h1039
650 1 4 _aLibertad de información
_xLeyes y legislación
_zMéxico.
_9130733
650 1 4 _aProtección de datos
_xLegislación
_zMéxico.
_9130735
650 1 4 _aTransparencia en el gobierno
_zMéxico.
_9130734
710 1 _aPoder Judicial de la Federación
_9130728
901 _aBK
942 _cLIBRO
942 _n0
999 _c108910
_d108910